| 000 | 00853nam a2200265Ia 4500 | ||
|---|---|---|---|
| 003 | OSt | ||
| 005 | 20221005102558.0 | ||
| 006 | a|||||r|||| 00| 0 | ||
| 007 | ta | ||
| 008 | 221004b |||||||| |||| 00| 0 eng d | ||
| 020 |
_a9781405192842 (hbk) _c10861.28 |
||
| 024 | _a122207 | ||
| 037 |
_b35785, 17/09/2012, Segment Book Distributors _cTextual |
||
| 040 |
_aCRL _cCRL _beng |
||
| 041 |
_2eng _aeng |
||
| 082 | _aY15.1'C, Q2 | ||
| 100 |
_aJames Sharon L Ed. _9474696 |
||
| 245 | 0 | _aCompanion to women in the ancient world | |
| 260 |
_aWest Sussex _bJohn Wiley & Sons _c2012 |
||
| 300 |
_axxxiii,616p. _ccm. |
||
| 650 | _aSOCIOLOGY | ||
| 700 |
_a Dillon Sheila Ed. _9474697 |
||
| 942 |
_hY15.1'C, Q2 _cTEXL _2cc |
||
| 999 |
_c1008643 _d1008643 |
||